000 01233cab a2200241 4500
001 ABS67609
008 040322n2004 000 0 eng u
035 _a(Sirsi) u125518
110 _aTinworth
_hA.
245 _aVision: future workplaces
260 _c2004
490 _aEstates Gazette
_v(0412) 20 March 2004, 156-161(6)
520 _aThree articles look at aspects of the 21st century office. The first article "In the realm of the über worker" discusses the key contents of the British Council for Offices' forthcoming report into the future of the office market which was prepared by FPDSavills. The second article "Please step into my temporary work area" looks at the changing nature of work practices with the growth of the flexible working culture. The third article "Space providers start flexing their flexibility", looks at the current state of the serviced office market.
590 _aABS
650 _aPROPERTY-COMMERCIAL PROPERTY-OFFICE PROPERTY-OFFICE PROPERTY MARKET
650 _aSERVICED OFFICES
650 _aOFFICES
650 _aFLEXIBLE WORKING
650 _aCUSHMAN & WAKEFIELD
650 _aFUTURE WORK
690 _aPROPERTY-COMMERCIAL PROPERTY-COMMERCIAL PROPERTY MARKET
942 _n0
999 _c74288
_d74288